| 000 | 01444nmc a2200493 a 4500 | ||
|---|---|---|---|
| 003 | AR-BaBNM | ||
| 005 | 20251128211539.0 | ||
| 008 | 184120s2003 ||||||||||||||000 | spa|| | ||
| 020 | _a987-538-049-9 | ||
| 040 | _cAR-BaBNM | ||
| 245 | 1 | 0 |
_aGrupos e instituciones : prácticas educativas y proyectos comunitarios _balternativas y trayectos grupales |
| 250 | _a1ª ed. | ||
| 260 |
_aBuenos Aires _bEdiciones Novedades Educativas _c2003 |
||
| 300 | _a120 p. | ||
| 490 | 0 |
_aPsicología y educación. Ensayos y experiencias _vv. 51 |
|
| 504 | _aContiene referencias bibliográficas al final de cada capítulo | ||
| 650 | 4 | _aGRUPOS | |
| 650 | 4 | _aDOCENTES | |
| 650 | 4 | _aHOSPITALES | |
| 650 | 4 | _aDERECHOS HUMANOS | |
| 650 | 4 | _aVEJEZ | |
| 650 | 4 | _aSEXUALIDAD | |
| 650 | 4 | _aCONOCIMIENTO | |
| 653 | _aCOMUNIDAD EDUCATIVA | ||
| 653 | _aANALISIS INSTITUCIONAL | ||
| 653 | _aJARDINES MATERNALES | ||
| 653 | _aDISCAPACITADOS | ||
| 700 | 1 | _aBorakievich, Sandra | |
| 700 | 1 | _aSovera, Susana de la | |
| 700 | 1 | _aFarrugio, Liliana R. | |
| 700 | 1 | _aFernández, Ana María | |
| 700 | 1 | _aImaz, Xabier | |
| 700 | 1 | _aLópez, Mercedes | |
| 700 | 1 | _aLupani, Mónica | |
| 700 | 1 | _aMolina, Silvia Ester | |
| 700 | 1 | _aMontenegro, Roberto | |
| 700 | 1 | _aOjám, Enrique | |
| 700 | 1 | _aPereyra, Alba | |
| 700 | 1 | _aPuccetti, Cristina | |
| 700 | 1 | _aRivera, Laura | |
| 700 | 1 | _aTorchio, Rita | |
| 942 | _cBK | ||
| 998 | _craquel | ||
| 999 |
_c20129 _d20129 |
||